000 00449nam a2200169Ia 4500
008 210716s2003 xx 000 0 und d
020 _a8178811626
041 _aeng
082 _a658.84 GUPN
100 _aGupta, Vivek.
245 _aManaging E-business: strategies and cases.
_bStrategies and cases.
250 _a1
260 _aHyderabad
_bThe ICFAI University
_c2003
300 _axi,167
650 _aE-Commerce
700 _aGupta, Vivek.
999 _c202382
_d202382